000 00544nam a2200157Ia 4500
008 170221s9999 xx 000 0 und d
100 _aDesideria Cempaka Wijaya Murti.
245 _aReaching Our Young Citizens:Comparing Model of Japanese and Indonesian Civic Participation in the Online Sphere
245 _cDesideria Cempaka Wijaya Murti.
260 _bOnline Journal of Communication and Media Technologies
260 _c2014
300 _a15 :
650 _xCommunication
650 _xMedia Arts
856 _uhttp://www.ojcmt.net/
999 _c308777
_d308777